Florida Counties In Their Panhandle - Statistics

General Stats
  • This quiz has been taken 15 times
  • The average score is 12 of 16
Answer Stats
Answer % Correct
Bay
91%
Gulf
91%
Escambia
82%
Liberty
82%
Washington
82%
Franklin
73%
Gadsden
73%
Leon
73%
Okaloosa
73%
Santa Rosa
73%
Walton
73%
Holmes
64%
Jackson
64%
Jefferson
64%
Wakulla
64%
Calhoun
55%
No matching quizzes found
Score Distribution
Percent of People with Each Score
Percentile by Number Answered
Your Score History
You have not taken this quiz